Statistics for Steven Universe Characters Word Scramble

Click here to take the quiz!

General Stats

  • This quiz has been taken 86 times
  • The average score is 10 of 15

Answer Stats

ScrambleName% Correct
LPIASLZULAILapis Lazuli
100%
EPALRPearl
97%
AEYMTSTHAmethyst
96%
TODIREPPeridot
86%
NCOINEConnie
85%
TIBMHUSBismuth
81%
PAHSRIPESapphire
81%
DSAEISadie
72%
XDATEERANLIAlexandrite
68%
VSENTESteven
66%
AJEMIJamie
64%
ORLADONRonaldo
53%
NOONIOnion
46%
KQUOMSAEYTZRSmokey Quartz
27%
EIYDOLAONWMLYellow Diamond
19%

Score Distribution

Percentile by Number Answered

Percent of People with Each Score

Your Score History

You have not taken this quiz